| 000 | 00898cam a22002893a 4500 | ||
|---|---|---|---|
| 001 | 32084 | ||
| 003 | PGUSA | ||
| 005 | 20140828083708.0 | ||
| 008 | 100421s2010||||xxu|||||s|||||000 1 eng d | ||
| 040 |
_aPGUSA _beng |
||
| 042 | _adc | ||
| 050 | 4 | _aPZ | |
| 100 | 1 |
_aRoosevelt, Wyn, _d1870- |
|
| 245 | 1 | 0 |
_aFrontier Boys in the South Seas _h[electronic resource] / _cWyn Roosevelt |
| 260 |
_bProject Gutenberg, _c2010 |
||
| 506 | _aPublic domain in the USA. | ||
| 516 | _aElectronic text | ||
| 653 | _aAmericans -- Oceania -- Juvenile fiction | ||
| 653 | _aSouth Pacific Ocean -- Juvenile fiction | ||
| 653 | _aTreasure troves -- Juvenile fiction | ||
| 653 | _aBrothers -- Juvenile fiction | ||
| 653 | _aAdventure and adventurers -- Juvenile fiction | ||
| 700 | 1 | _aMencl, Rudolf | |
| 830 | 0 |
_aProject Gutenberg _v32084 |
|
| 856 | 4 | 0 | _uhttp://www.gutenberg.org/ebooks/32084 |
| 942 | _cEB | ||
| 999 |
_c261339 _d261339 |
||